000 01144nam a2200301 i 4500
001 184544
003 ES-MaACL
005 20231120135452.0
008 151021s2014 it aj |||| |bita d
020 _a9788895996462
080 _a929 Algarotti, Francesco (063)
080 _a001(453.1)"18"
245 0 0 _aNel terzo centenario della nascita di Francesco Algarotti (1712-1764) /
_ca cura di Manlio Pastore Stocchi e Gilberto Pizzamiglio.
260 _aVenezia :
_bIstituto Veneto di Scienze, Lettere ed Arti,
_c2014.
300 _aX, 234 p. :
_bil. ;
_c24 cm.
500 _aÍndices.
504 _aReferencias bibliográficas.
600 1 4 _aAlgarotti, Francesco.
_919883
651 4 _aVenecia-
_xVida intelectual.
_9157959
700 1 _aPastore Stocchi, Manlio.
_9157958
700 1 _aPizzamiglio, G.
_992460
710 2 _aIstituto Veneto di Scienze, Lettere ed Arti.
_95304
852 _aES-MaACL
_jA-13596
_9191545
_bR.150817
_cDEPO1
_dOlim: N-6596
_hDonacion: Real Academia Española
914 _96336
_aReal Academia Española
_ednr
942 _2udc
_cMONOGRAFIA
999 _c184544
_d184544